Statistics for All Earthbound Bosses

Click here to take the quiz!

General Stats

  • This quiz has been taken 24 times
  • The average score is 18 of 29

Answer Stats

LocationAnswer% Correct
OnettFrank
95%
OnettFrankystein MKII
95%
Belch's FactoryMaster Belch
90%
Cave Of The PastGiygas
85%
Cave Of The PastHeavily Armored
Pokey
85%
Fire SpringDiamond Dog
80%
StonehengeStarman Deluxe
75%
OnettStarman Junior
75%
Fire SpringCarbon Dog
70%
TwosonEverdred
70%
Sea Of EdenKraken
70%
MoonsideEvil Mani Mani
65%
Pink CloudThunder And
Storm
65%
Deep DarknessMaster Barf
60%
Sea Of EdenNess's Nightmare
60%
ThreedBoogey Tent
55%
Fourside SewersPlague Rat Of
Doom
55%
Rainy CircleShrooom!
55%
Giant StepTitanic Ant
55%
Lilliput StepsMondo Mole
50%
Happy Happy VillageMr. Carpainter
50%
Milky WellTrillion Age
Sprout
50%
Monotoli BuildingClumsy Robot
45%
Fourside Dept. StoreDepartment
Store Spook
45%
Lumine HallElectro Specter
45%
OnettCaptain Strong
40%
Desert Gold MineGuardian Digger
30%
PyramidGuardian General
25%
ThreedMini Barf
20%

Score Distribution

Percentile by Number Answered

Percent of People with Each Score

Your Score History

You have not taken this quiz